000 00685nam a2200193 a 4500
001 16846
003 CO-ViMGA
008 141112s2004 ck r 000 u spa d
040 _aCO-ViMGA
_bspa
_cCO-ViMGA
082 0 4 _a631.5892 H437
100 1 _aRodriguez Delfín, Alfredo
_923828
245 1 0 _aHidroponía comercial . Una buena opción en agronegocios
260 _aLima (Perú),
_cUniversidad Nacional Agraria la Molina,
_c1997
300 _a170.p.il.fotos
500 _aConferencia Internacional de hidroponía comercial Agosto 6 - 8 de 1997, Lima (Perú).
590 _aForma de adquisición : Premio - Mincultura
650 1 4 _aCULTIVOS HIDROPONICOS
_923829
942 _2ddc
_cBK
999 _c26488
_d26488